Équipes - Euro 2004 - Statistiques

Statistiques générales
  • Ce quiz a été pris 109 fois
  • Le résultat moyen est 14 sur 16
Statistiques - réponses
Squadra % Correct
Angleterre
99%
France
99%
Portugal
98%
Espagne
97%
Italie
97%
Grèce
96%
Allemagne
93%
Russie
93%
Suède
93%
Pays-Bas
92%
Suisse
90%
Croatie
88%
Danemark
88%
République Tchèque
85%
Bulgarie
67%
Lettonie
56%
Aucun quiz correspondant
Distribution des résultats
% des personnes avec chaque résultat
Percentile par nombre de réponses
Votre historique - résultats
Vous n’avez pas pris ce quiz